000 00591nam a2200181Ia 4500
008 151202s9999||||xx |||||||||||||| ||und||
082 _bPNVM-35199
100 _aभावे पु.भा.
245 _aबर्फ आणि वाळू.
260 _b"साहित्य प्रसार केंद्र ,नागपूर."
260 _c1983
300 _a168
600 _aभावे पु.भा.
630 _aबर्फ आणि वाळू.
700 _aभावे पु.भा.
730 _aबर्फ आणि वाळू.
942 _cBOOK
999 _c1301155
_d1301152